A cerâmica no postal ilustrado : catálogo da colecção Eugénio Lapa Carneiro (Registo nº 200697)

Detalhes MARC
000 -Etiqueta do registo
Valores 00660nam 22001933 4500
010 ## - Número ISBN
ISBN 972-8740.11.5
021 ## - Número do Depósito Legal
Código do país Portugal
Número 200079/03
100 ## - Dados gerais de processamento
Dados gerais 20260223d u||y0pory50 ba
200 ## - Titulo e menção de responsabilidade
Título próprio A cerâmica no postal ilustrado : catálogo da colecção Eugénio Lapa Carneiro
Primeira menção de responsabilidade coordenação geral Graça Filipe
210 ## - Publicação
Local de publicação Seixal
Nome do editor Câmara Municipal de Seixal, Ecomuseu Municipal do Seixal
Data de publicação 2003
215 ## - Descrição física 
Paginação / Volumes 423, [3] p. ; vol.. 1
Outras indicações físicas il. ; encadernado
Dimensões 22 cm
606 ## - Nome comum usado como assunto
ID Autoridade 4619
Palavra de ordem Cerâmica Artística
675 ## - CDU
Notação 738
Edição PT
Língua por
701 ## - Co-autor principal (pessoa individual)
ID Autoridade 13337
Apelido Filipe
Nome Graça
Datas 1957-
801 ## - Fonte de origem
País PT
Agência BMMN
Regras de catalogação RPC
830 ## - Notas gerais do catalogador
Criado por Vanda
990 ## - Elementos KOHA
Tipo de documento Livro
Exemplares
Situação do levantamento Biblioteca de origem Código de barras Cota Permissão de empréstimo Tipo de documento Forma de aquisição
  Biblioteca Municipal de Montemor-o-Novo 29927 738 CER|DEP   Livro Compra

Powered by Koha